|
|
|
|
| LEADER |
00000cam a2200000 4500 |
| 001 |
vtls012137079 |
| 003 |
SK-MaSNL |
| 005 |
20260302062425.0 |
| 008 |
220530s2022 xo g 000 f slo |
| 015 |
|
|
|a SNBA2023/10
|
| 020 |
|
|
|a 9788097388058
|q (brožované)
|
| 040 |
|
|
|a SNK
|b slo
|c SNK
|e rda
|
| 041 |
1 |
|
|a slo
|h rus
|
| 044 |
|
|
|a xo
|c SK
|
| 072 |
|
7 |
|a 821.161.1
|x Ruská literatúra
|2 konspekt
|
| 072 |
|
7 |
|a 22/24
|x Náboženstvá Ďalekého východu. Indické náboženstvá. Hinduizmus. Budhizmus
|2 konspekt
|
| 080 |
|
|
|a 17.02
|2 2011
|
| 080 |
|
|
|a 24-584.5
|2 2011
|
| 080 |
|
|
|a 130.12+2-188.2/.2-584.5
|2 2011
|
| 080 |
|
|
|a 821.161.1-31
|2 2011
|
| 100 |
1 |
|
|a Novych, Anastasija
|4 aut
|9 175885
|
| 240 |
1 |
0 |
|a Sensej. Iskonnyj Šambaly
|l Slovensky
|
| 245 |
1 |
0 |
|a Sensei zo Šambaly
|n Kniha I
|c Anastasia Novych ; z ruského originálu Sensej. Iskonnyj Šambaly ... preložil kolektív prekladateľov MSH ALATRA
|
| 246 |
1 |
|
|i Obálkový podnázov:
|a Múdrosťou Ducha odhalí on Znalosti tajné...
|
| 250 |
|
|
|a 1. vydanie
|
| 264 |
|
1 |
|a [Malé Kršteňany]
|b Biely Lotos
|c 2022
|
| 300 |
|
|
|a 393 strán
|c 20 cm
|
| 336 |
|
|
|a text
|b txt
|2 rdacontent
|
| 337 |
|
|
|a bez média
|b n
|2 rdamedia
|
| 338 |
|
|
|a zväzok
|b nc
|2 rdacarrier
|
| 500 |
|
|
|a Na titulnom liste pod názvom: Bratislava 2022
|
| 500 |
|
|
|a Miesto vydania podľa NA ISBN
|
| 650 |
0 |
7 |
|a Šambala (mýtická ríša)
|2 SNKPH
|9 3766
|
| 650 |
0 |
7 |
|a zmysel života
|2 SNKPH
|9 4977
|
| 650 |
0 |
7 |
|a duchovná cesta
|2 SNKPH
|9 67470
|
| 650 |
0 |
7 |
|a duchovná sila
|2 SNKPH
|9 86755
|
| 650 |
0 |
7 |
|a Sense of life
|2 SNKPHeng
|9 270861
|
| 650 |
0 |
7 |
|a Spiritual path
|2 SNKPHeng
|9 276105
|
| 650 |
0 |
7 |
|a Spiritual power
|2 SNKPHeng
|9 334254
|
| 655 |
|
7 |
|a ruské romány
|2 SNKPH
|9 70514
|
| 655 |
|
7 |
|a Russian fiction
|2 SNKPHeng
|9 277049
|
| 710 |
2 |
|
|a MSH ALATRA
|4 trl
|9 511949
|
| 787 |
0 |
8 |
|i Zo série:
|t Sensei zo Šambaly
|g 1
|
| 852 |
|
|
|a Slovenská národná knižnica
|
| 919 |
|
|
|a 978-80-973880-5-8
|
| 954 |
|
|
|a beletria cudzojazyčná (svetová)
|2 lita
|
| 954 |
|
|
|a duchovná literatúra cudzojazyčná (svetová)
|2 lita
|
| 958 |
|
|
|a LX
|
| 958 |
|
|
|a NT
|
| 958 |
|
|
|a UP
|
| 968 |
|
|
|b RUS
|
| 999 |
|
|
|c 1129213
|d 1131143
|
| 952 |
|
|
|a SNK
|b SNK
|y PREZ
|7 0
|p 17A1519709
|o snkSD 91448
|i snk2023/4795
|8 0
|0 0
|1 0
|4 0
|d 2023-03-21
|f 1
|l 0
|r 2026-02-24 18:57:06
|w 2026-02-24
|
| 952 |
|
|
|a SNK
|b SNK
|y VYP
|7 0
|p 17A1519710
|o snkSD 91448 D1
|i snk2023/4796
|8 0
|0 0
|1 0
|4 0
|d 2023-03-21
|l 0
|r 2026-02-24 18:57:06
|w 2026-02-24
|